Occidente y cristiandad: estudios históricos sobre España y América

-д хадгалсан:
Номзүйн дэлгэрэнгүй
Үндсэн зохиолч: Sánchez Márquez, Manuel J (Зохиогч)
Формат: Ном
Хэл сонгох:испани
Хэвлэсэн: Buenos Aires Gladius 2000
Нөхцлүүд:
Шошгууд: Шошго нэмэх
Шошго байхгүй, Энэхүү баримтыг шошголох эхний хүн болох!

MARC

LEADER 00000nam a2200000 a 4500
001 UCM5035
003 CL-VaPUC
008 020927e20000000AG |||||||||||||||||spa|d
082 0 4 |a 946  |b SAN  |2 21 
100 0 |a Sánchez Márquez, Manuel J  |e author  |9 471327 
245 1 0 |a Occidente y cristiandad: estudios históricos sobre España y América 
300 |a 107 p 
942 |c BK 
945 |d 20020927 00:00:00  |a cmena 
260 |a Buenos Aires  |b Gladius  |c 2000 
650 0 |a Historia de España  |9 315435 
650 0 |a Cristianismo  |9 257361 
650 7 |a EVANGELIZACION  |2 CL-VaPUC  |9 471328 
651 0 |a España  |9 254926 
651 0 |a América  |9 255182 
583 |a last modification  |c 20020927 00:00:00  |k Rodrigo Vera 
999 |c 301337  |d 301335 
952 |0 0  |1 0  |4 0  |6 946_000000000000000_SAN_2000  |7 0  |8 A  |9 360186  |a BIBEDU  |b BIBEDU  |d 2019-11-21  |i 3834840  |o 946 SAN 2000  |p 3834840  |r 2019-11-21  |w 2019-11-21  |y BK  |k FIL